Stores At Most Malls Quiz Stats

 Plays Quiz not verified by Sporcle

Score 0/10 Timer 02:00
0 Plays Today
Type of Store Store % Correct
DepartmentMacys
75.7%
AccesoriesClaires
62.8%
ClothingAbercrombie
46.4%
ClothingHollister
40.7%
ClothingHot Topic
16.1%
ElectronicFYE
15.1%
ShoesJourneys
13.2%
ClothingJustice
8.8%
ElectronicApple Store
6.9%
ShoesWalking Comany
0.6%

You're not logged in!

Compare scores with friends on all Sporcle quizzes.
Join for Free
OR
Log In

You Might Also Like...

Show Comments

Extras

Created Feb 27, 2011ReportFavoriteNominate
Tags:mall, store

Top Quizzes Today


Score Distribution

Your Account Isn't Verified!

In order to create a playlist on Sporcle, you need to verify the email address you used during registration. Go to your Sporcle Settings to finish the process.

Report this User

Report this user for behavior that violates our Community Guidelines.

Details: